000 00493nam a2200181Ia 4500
008 090123s9999 xx 000 0 und d
082 _b1203
100 _aकुसुमाग्रज
245 _aफुलराणी
250 _a1
260 _bकुलकर्णी अ.अ.
300 _a130
600 _aकुसुमाग्रज
630 _aफुलराणी
700 _aकुसुमाग्रज
730 _aफुलराणी
942 _cBOOK
999 _c39287
_d39287